000
00281nam a22001337a 4500
008
171215b xxu||||| |||| 00| 0 eng d
020
_a
9780697375605
041
_a
eng
080
_2
4TH
_a
573
100
_a
11
101
_a
BIO
245
_a
BIOLOGY
_c
RAVEN,P.H
942
_2
udc
_c
BK
999
_c
38959
_d
38959